| 000 | 00462nam a2200181Ia 4500 | ||
|---|---|---|---|
| 008 | 240729s9999 xx 000 0 und d | ||
| 022 | _a2773-093X | ||
| 245 | 0 | _aTheriogenology Wild | |
| 260 | _aUnited States | ||
| 260 | _bElsevier | ||
| 650 | _a Biology (General) | ||
| 650 | _a Reproduction | ||
| 650 | _a Zoology | Science | ||
| 650 | _aScience | ||
| 856 | _uhttps://doaj.org/toc/ee40a8ebfe1247be84dcd11ba22b6839 | ||
| 942 | _2ddc | ||
| 942 | _cDOAJEJ | ||
| 999 |
_c68405 _d68405 |
||
| 945 |
_a1 _bMadushi Gamage _c1 _dMadushi Gamage |
||